Global property investment (Record no. 114942)

MARC details
000 -LEADER
fixed length control field 01237cam a22002415a 4500
001 - CONTROL NUMBER
control field L157735
008 - FIXED-LENGTH DATA ELEMENTS--GENERAL INFORMATION
fixed length control field 130423s2012 xxk f 000 0 eng d
020 ## - INTERNATIONAL STANDARD BOOK NUMBER
International Standard Book Number 9781444335286
035 ## - SYSTEM CONTROL NUMBER
System control number (Sirsi) u157735
041 0# - LANGUAGE CODE
Language code of text/sound track or separate title eng
050 04 - LIBRARY OF CONGRESS CALL NUMBER
Classification number 332.635
100 1# - MAIN ENTRY--PERSONAL NAME
Personal name Baum, Andrew
245 00 - TITLE STATEMENT
Title Global property investment
Remainder of title strategies, structures and decisions
260 ## - PUBLICATION, DISTRIBUTION, ETC.
Place of publication, distribution, etc. Chichester
Name of publisher, distributor, etc. Wiley-Blackwell
Date of publication, distribution, etc. 2012
300 ## - PHYSICAL DESCRIPTION
Extent xvi, 557p.
Dimensions 25cm
520 ## - SUMMARY, ETC.
Summary, etc. Part 1 considers real estate from the global investment perspective focusing on property as an asset, global property markets, market rents, asset pricing and portfolio theory and forecasting. Part 2 looks at making investment decisions and focuses on valuation and investment analysis, leasing, mortgages and valuing private real estate entity. Part 3 outlines a range of investment structures including unlisted real estate funds, public equity and derivatives. Part 4 concludes with a look at creating global real estate investment strategies including portfolio building, performance measurement and attribution.
590 ## - LOCAL NOTE (RLIN)
Local note KA
651 #4 - SUBJECT ADDED ENTRY--GEOGRAPHIC NAME
Geographic name International
690 ## - LOCAL SUBJECT ADDED ENTRY--TOPICAL TERM (OCLC, RLIN)
Topical term or geographic name as entry element Investments
9 (RLIN) 6250
690 ## - LOCAL SUBJECT ADDED ENTRY--TOPICAL TERM (OCLC, RLIN)
Topical term or geographic name as entry element Commercial property
9 (RLIN) 6227
700 1# - ADDED ENTRY--PERSONAL NAME
Personal name Hartzell, David
942 ## - ADDED ENTRY ELEMENTS (KOHA)
Suppress in OPAC 0
Holdings
Withdrawn status Lost status Source of classification or shelving scheme Damaged status Not for loan Home library Current library Shelving location Date acquired Total Checkouts Full call number Barcode Date last seen Copy number Price effective from Koha item type
    Dewey Decimal Classification     London London Books 23/04/2013   332.635 30078200 06/08/2019 1 06/08/2019 Book